Представление документа в формате RUSMARC

ПолеНазваниеЗначение
  Тип записи c
  Библиографический уровень m
001 Контрольный номер UONB/NOTY/e9b1270b83e4422ea61bcdd8abb8e42e
005 Дата корректировки 20251118165931.3
010 Индекс ISBN __
9 Тираж 25000 экз.
013 Номер (ISMN) __
d Цена 45 к.
071 Издательские номер (звукозапись и ноты) 21
a Номер, присвоенный агентством 12308
100 Данные общей обработки __
a Данные общей обработки 20220709g1983 u##y0rusy0189## ca
101 Язык документа 0_
a Язык текста rus
f Язык титульного листа rus
102 Страна публикации __
a Страна публикации RU
125 Кодированные данные звукозаписи и нотных изданий __
a Форма изложения нотного текста с
128 Кодированные данные (звукозаписи-физические характеристики) __
a Кодированные данные: Музыкальная форма и тональность или лад sg
c Инструменты или голоса, рекомендуемые для солистов (устаревшее) vu
200 Заглавие и сведения об ответственности 1_
a Заглавие Вып. 27
203 Вид содержания и тип средства __
a Вид содержания Музыка
b Характеристика содержания знаковая
c Тип средства непосредственная
210 Выходные данные 1_
d Дата издания 1983
215 Физическое описание __
a Объем 34 с. включ. обл.
327 Примечание о содержании 11
a Примечание о содержании Содерж. : Бикташев Е. Спасибо, Волга / сл. Н. Палькина. - Орловецкий В. Алый парус надежды / сл. Л. Щипахиной. - Монасыпов А. Пока ты спишь... / сл. Л. Абдуллиной. - Балаев Г. Нежность / сл. В. Цыбина. - Свешников В. Розовый коралл. - Чугунов Ю. Полет ; Самба.
461 Уровень набора _0
1 2001
a Поющие гитары
b Ноты
e песни из репертуара вок.-инструм. ансамбля
e для голоса [ансамбля] с фп. [и букв.-цифр. обозначением]
v Вып. 27
1 2101
a Л.
c Музыка
d 1971 -
1 001UONB/NOTY/81adac9626ce47afb0df047894e4433d
1 215
d 29 см
1 71002
a "Поющие гитары"
c вокально-инструментальный ансамбль
4 590
464 Аналитический уровень _0
1 700 1
a Бикташев
b Е.
1 702 1
a Палькин
b Н.
4 520
1 2001
a Спасибо, Волга
1 036
t Когда с дороги...
464 Аналитический уровень _0
1 700 1
a Орловецкий
b В.
1 702 1
a Щипахина
b Л.
4 520
1 2001
a Алый парус надежды
1 036
t Все случается в жизни...
464 Аналитический уровень _0
1 700 1
a Монасыпов
b А.
1 702 1
a Абдуллина
b Л.
4 520
1 2001
a Пока ты спишь...
1 036
t Пока ты спишь, пока метели дуют...
464 Аналитический уровень _0
1 700 1
a Балаев
b Г.
1 702 1
a Цыбин
b В.
4 520
1 2001
a Нежность
1 036
t Пусть не могу я быть нежнее...
464 Аналитический уровень _0
1 700 1
a Свешников
b В.
1 2001
a Розовый коралл
464 Аналитический уровень _0
1 700 1
a Чугунов
b Ю.
1 2001
a Полет
a Самба
512 Заглавие обложки 1_
a Заглавие обложки Поющие гитары
606 Тематические рубрики 0_
a Основная рубрика Песни советских композиторов
x Основная подрубрика Из репертуара
x Основная подрубрика Эстрадные ансамбли
x Основная подрубрика Популярные песни
x Основная подрубрика Инструментальная музыка
610 Ключевые слова 0_
a Ключевые слова песни советских композиторов; популярные песни; инструментальная музыка; из репертуара; "Поющие гитары", вокально-инструментальный ансамбль
686 Индексы других классификаций __
a Классификационный индекс 85.943.4-42-041.5я43
a Классификационный индекс 85.952.18я43
a Классификационный индекс 85.952,8
801 Источник записи _0
a Страна RU
b Организация Ульяновская ОНБ
c Дата составления 20220709
g Правила каталогизации RCR
801 Источник записи _1
a Страна RU
b Организация Ульяновская ОНБ
c Дата составления 20220709
g Правила каталогизации RCR
901 Тип документа __
t Тип документа n
w Контрольный № источника UONB/NOTY/81adac9626ce47afb0df047894e4433d
909 Создатель записи __
a Создатель записи Грязнова И. Е.